header

Party systems in post-Soviet countries (Record no. 138533)

MARC details
000 -LEADER
fixed length control field 01579nam a2200361Ia 4500
082 04 - DEWEY DECIMAL CLASSIFICATION NUMBER
Classification number 324.20947
100 1# - MAIN ENTRY--AUTHOR NAME
Personal name Meleshevich, Andrey A.
245 10 - TITLE STATEMENT
Title Party systems in post-Soviet countries
260 ## - PUBLICATION, DISTRIBUTION, ETC. (IMPRINT)
Place of publication New York :
Name of publisher Palgrave,
Year of publication 2007.
300 ## - PHYSICAL DESCRIPTION
Number of Pages xvi, 262 p. :
Other physical details ill.
650 #0 - SUBJECT ADDED ENTRY--TOPICAL TERM
Topical Term Political parties
Topical Term Political parties
Topical Term Political parties
856 40 - ELECTRONIC LOCATION AND ACCESS
Uniform Resource Identifier http://site.ebrary.com/lib/rucke/Doc?id=10171525

No items available.

© 2026 Rongo University
Contact us: librarian | system librarian | Rongo university